000 00993nas a2200313 4500
001 BR9102547
003 BR-BrBNA
005 20231205092022.0
007 ta
008 230509b bl.|||p| |||| 00| 00por d
040 _aBR-BrBNA
_bpor
_cBiblioteca Nacional de Agricultura
041 _a(Pt)
072 _aF08
100 1 _aFontaneli, R.S.
100 1 _aFreire Junior, N.
245 1 _aAvaliacao de consorciacoes de aveia e azevem-anual com leguminosas de estacao fria
246 1 _aEvaluation of oats and annual ryegrass intercropped with cool-season legumes
650 _aAVEIA
650 _aAZEVEM
650 _aFEIJAO FAVA
650 _aTREVO SUBTERRANEO
650 _aTREVO VERMELHO
650 _aTREVO VESICULOSO
650 _aTREVO BRANCO
650 _aCONSORCIACAO DE CULTURA
773 0 _tPesquisa Agropecuaria Brasileira (Brazil)
_xISSN 0100-204X
_g(May 1991), v. 26(5) p. 623-630
_wBR9102547
909 _a202311
_bLúcia
_c55
_dLúcia Elande
942 _2AGRIS
_n0
_cANA
999 _c128731
_d128731